| 000 | 00807nam a2200229Ia 4500 | ||
|---|---|---|---|
| 001 | 1390 | ||
| 003 | GE_BSU | ||
| 008 | 181216s||||||||xx |||||||||||||| ||und|| | ||
| 040 | _cGE_BSU | ||
| 080 | _a911(100) | ||
| 245 | _aЭкономическая география капиталистических и развивающихся стран | ||
| 245 | _bУч-к для студ. ун-тов по спец. "География | ||
| 245 | _cПод ред.В.А.Вольского | ||
| 250 | _a2-е перераб. | ||
| 260 | _aМосква | ||
| 260 | _bМосковск.ун-т | ||
| 260 | _c1986 | ||
| 300 | _a527стр. | ||
| 541 | _h20л. | ||
| 653 | _aЭкономическая география капиталистических и развивающихся стран | ||
| 942 | _cBK | ||
| 999 |
_c35529 _d35529 |
||